Statistics for Depeche Mode Charting Songs (Billboard Hot 100)

Click here to take the quiz!

General Stats

  • This quiz has been taken 50 times
    (42 since last reset)
  • The average score is 11 of 17

Answer Stats

AlbumWeeks OnPeakSong% Correct
Violator24 Weeks#8Enjoy the Silence
97%
Violator20 Weeks#28Personal Jesus
89%
Some Great Reward18 Weeks#13People Are People
81%
Music for the Masses10 Weeks#63Never Let Me Down Again
76%
Music for the Masses15 Weeks#50Strangelove
76%
Violator16 Weeks#15Policy of Truth
73%
Ultra20 Weeks#38It's No Good
70%
Songs of Faith and Devotion8 Weeks#69Walking In My Shoes
68%
Ultra5 Weeks#47Barrel of a Gun
65%
Violator10 Weeks#52World in My Eyes
65%
Songs of Faith and Devotion12 Weeks#37I Feel You
62%
Playing the Angel3 Weeks#71Precious
62%
Some Great Reward3 Weeks#87Master and Servant
59%
Exciter10 Weeks#85Dream On
54%
Ultra3 Weeks#88Home
51%
Music for the Masses11 Weeks#61Behind the Wheel
46%
The Singles 86>989 Weeks#61Only When I Lose Myself
30%

Score Distribution

Percentile by Number Answered

Percent of People with Each Score

Your Score History

You have not taken this quiz since the last reset